Understanding networked applications : a first course
Αποθηκεύτηκε σε:
| Κύριος συγγραφέας: | |
|---|---|
| Μορφή: | Βιβλίο |
| Γλώσσα: | English |
| Δημοσίευση: |
San Francisco :
Morgan Kaufman Publishers,
c2000
|
| Σειρά: | Morgan Kaufmann series in networking
|
| Θέματα: | |
| Ετικέτες: |
Προσθήκη ετικέτας
Δεν υπάρχουν, Καταχωρήστε ετικέτα πρώτοι!
|
MARC
| LEADER | 00000cam a2200000 i 4500 | ||
|---|---|---|---|
| 001 | 1/17624 | ||
| 008 | 010227s2000 eng d | ||
| 020 | |a 1-55860-537-1 | ||
| 035 | |l 10066206 | ||
| 040 | |a GR-MY-UA |b gre |e aacr | ||
| 041 | 0 | |a eng | |
| 082 | 0 | |a 658.0546 | |
| 100 | 1 | |a Messerschmitt, David G. | |
| 245 | 1 | 0 | |a Understanding networked applications : |b a first course / |c David G. Messerschmitt |
| 260 | |a San Francisco : |b Morgan Kaufman Publishers, |c c2000 | ||
| 300 | |a 624p. | ||
| 490 | 1 | |a Morgan Kaufmann series in networking | |
| 504 | |a Includes bibliographical references | ||
| 650 | 0 | 0 | |a Computer networks. |
| 830 | 0 | |a Morgan Kaufmann series in networking | |
| 852 | |a INST |b CHIOS |e 20010227 |h 658.0546 MES |p 005200021351 |q 005200021351 |t BK |y 0 | ||
| 901 | |a BIBL2-2001-1 | ||
| 909 | |a Χ |b 083477 | ||
| 970 | |z 2001/02/27 | ||